| 000 | 00501nam a2200157Ia 4500 | ||
|---|---|---|---|
| 999 |
_c5504 _d5504 |
||
| 003 | OSt | ||
| 005 | 20200127123254.0 | ||
| 008 | 190216s9999||||xx |||||||||||||| ||und|| | ||
| 040 | _coclc | ||
| 082 |
_a657.45 _bKIS/A |
||
| 100 |
_aKishnadwala, V H _91590 |
||
| 245 | 0 |
_aAuditing Principles And Practice / _cV H Kishnadwala ; N H Kishnadwalla ; M V Shetti |
|
| 260 |
_bSulthan Chand Sons, _c1992. _aNew Delhi: |
||
| 300 | _a441p | ||
| 942 |
_cBK _2ddc _h657.45 _iKIS/A _k657.45 _mKIS/A |
||